Spotlight on Australia

This up-to-date and fact filled introduction to Australia features the unique people, land, and animals of this island country. Children will be fascinated to learn about the native Aboriginal peoples and their way of life, the harsh Outback wilderness, the Great Barrier Reef, and the many marsupial...

Popoln opis

Shranjeno v:
Bibliografske podrobnosti
Glavni avtor: Kalman, Bobbie
Format: Knjiga
Jezik:Vietnamese
Izdano: Canada Crabtree Publishing Company 2008
Teme:
Oznake: Označite
Brez oznak, prvi označite!
Thư viện lưu trữ: Thư viện Trường Đại học Nam Cần Thơ
LEADER 01158nam a22002057a 4500
001 NCT_91195
008 210708b xxu||||| |||| 00| 0 vie d
999 |c 4501  |d 4501 
020 |a 9780778734796  |c 741000 
082 0 4 |2 23rd ed.  |a 428.24  |b K14 
100 1 |a Kalman, Bobbie 
245 1 0 |a Spotlight on Australia  |c Bobbie Kalman 
260 |a Canada  |b Crabtree Publishing Company  |c 2008 
300 |a 32 p.  |b ill.  |c 28cm 
504 |a Includes index 
520 3 |a This up-to-date and fact filled introduction to Australia features the unique people, land, and animals of this island country. Children will be fascinated to learn about the native Aboriginal peoples and their way of life, the harsh Outback wilderness, the Great Barrier Reef, and the many marsupials that are unique to Australia, including the kangeroo and the koala. Spectacular photographs also give young readers a close-up view of major cities. 
653 |a Cơ bản 
942 |2 ddc  |c BK 
952 |0 0  |1 0  |2 ddc  |4 0  |6 428_240000000000000_K14  |7 0  |9 21500  |a 000001  |b 000001  |d 2021-07-08  |o 428.24 K14  |p MD.18775  |r 2021-07-08  |v 741000.00  |w 2021-07-08  |y BK 
980 |a Thư viện Trường Đại học Nam Cần Thơ